000 02809nam a22002057a 4500
003 OSt
005 20201106142046.0
008 201106b 2006 dr a 00| 0 eng d
020 _a9945130242
040 _aDO-SdBNP
_bspa
_cBNPHU
100 1 _aDomínguez Brito, José Luis
_d1969-
_977206
245 1 0 _aLa cooperación de la Unión Europea con la República Dominicana : un país ACP
_bun país ACP /
_cJosé Luis Domínguez Brito ; prólogo del Dr. Onofre Rojas.
260 _aSanto Domingo :
_bEditora Mediabyte,
_c2006.
300 _a265 p. :
_bil. ;
_c23 cm.
504 _aBibliografía : p. 251-260
505 0 _aDedicatorias --
_tAgradecimientos --
_tPrólogo --
_tIntroducción --
_tEL GRUPO DE ESTADOS DE ÁFRICA, CARIBE Y PACIFICO --
_tObjetivos del grupo ACP --
_tÓrganos del grupo ACP --
_tLA UNIÓN EUROPEA --
_tLa construcción de la Unión Europea --
_tLa Unión Europea y sus instituciones --
_tACUERDOS DE ASOCIACION ACP-UE --
_t¿Qué es el Fondo Europeo de Desarrollo (FED)? --
_tPrimera convención de Lomé --
_tConvención de Lomé II --
_tConvención de Lomé III --
_tConvención de Lomé IV --
_tAcuerdo de Cotonú --
_tAcuerdo de Cotonú revisado --
_tPERSPECTIVAS SOBRE LA INTEGRACIÓN DEL FED EN EL PRESUPUESTO DE LA UE --
_tINSTITUCIONES Y ENTIDADES DE LA COOPERACIÓN ACP-UE --
_tInstituciones ACP-UE --
_tEntidades de cooperación ACP-UE --
_tFIRMA DE LA REPÚBLICA DOMINICANA A LA CONVENCIÓN DE LOMÉ IV E INGRESO AL GRUPO ACP --
_tCOOPERACIÓN DE LA UNIÓN EUROPEA EN LA REPÚBLICA DOMINICANA --
_tSéptimo Fondo Europeo de Desarrollo (1990-1995) --
_tOctavo Fondo Europeo de Desarrollo (1995-2002) --
_tNoveno Fondo Europeo de Desarrollo (2002-2007) --
_tCooperación Regional en el marco del sétimo, octavo y noveno FED --
_tFondos intra ACP --
_tOtras fuentes de financiamiento --
_tGESTIÓN DE LA COOPERACIÓN EUROPEA EN LA REPÚBLICA DOMINICANA --
_tOficina del Ordenador Nacional para los fondos europeos de desarrollo (ONFED) --
_tDelegación de la Comisión Europea --
_t|¿Cómo participar en la cooperación de la UE con la República Dominicana? --
_tCOOPERACIÓN ECONÓMICA Y COMERCIAL ENTRE LA REPÚBLICA DOMINICANA Y LA UNIÓN EUROPEA --
_tComercio de bienes entre la República Dominicana y la Unión Europea --
_tComercio de servicios --
_tProtocolo relativo al banano --
_tMemorando de entendimiento sobre la leche --
_tAcuerdos de asocicación económica (AAE) --
_tDIALOGO POLÍTICO ENTRE LA REPÚBLICA DOMINICANA Y LA UNIÓN EUROPEA EN EL MARCO DE LA COOPERACIÓN ACP-UE --
_tPRINCIPALES REUNIONES Y EVENTOS ACP Y ACP-UE REALIZADOS EN LA REPÚBLICA DOMINICANA --
_tAnexo I
_tIMPLICACIONES DEL EURO PARA LA ECONOMÍA DOMINICANA --
_tAnexo II
_tUNA ZONA MONETARIA ÓPTIMA (ZMO) EN EL CARIBE?
590 _aInventariado, 2020 /LP
700 1 _aRojas, Onofre,
_eprólogo
_931119
942 _2ddc
_cLBS1
999 _c49109
_d49109